[Event "Montcalm op 1 2017-18"]
[Site "Quebec CAN"]
[Date "2017.09.07"]
[Round "1"]
[White "Auger, Bertrand"]
[Black "Levesque-Duchesne, Merlin"]
[Result "0-1"]
[WhiteElo "1946"]
[BlackElo "1697"]
[WhiteFideId "-1"]
[WhiteFideId "-1"]
[PlyCount "168"]
[GameId "2160767908347003"]
[EventDate "2017.09.07"]
[EventType "swiss"]
[EventRounds "5"]
[EventCountry "CAN"]
[SourceTitle "EXT 2022"]
[Source "ChessBase"]
[SourceDate "2021.10.06"]
[SourceVersion "1"]
[SourceVersionDate "2021.10.06"]
[SourceQuality "1"]

1. Nf3 d5 2. g3 Nf6 3. Bg2 g6 4. b4 Bg7 5. Bb2 O-O 6. d3 Nbd7 7. Nbd2 Re8 8. c4 e5 9. cxd5 e4 10. dxe4 Nxe4 11. Bxg7 Kxg7 12. Nxe4 Rxe4 13. Nd4 Re8 14. O-O Nf6 15. Qb3 Ne4 16. Ne6+ Bxe6 17. Bxe4 Bh3 18. Bg2 Bxg2 19. Kxg2 Rxe2 20. Rae1 Qe7 21. Rxe2 Qxe2 22. Qc3+ Kg8 23. Re1 Qb5 24. Qe5 Qxb4 25. Re4 Qd6 26. Qxd6 cxd6 27. Re7 Rb8 28. h4 Kf8 29. Rc7 a5 30. Kf3 b5 31. Ra7 a4 32. Kf4 Re8 33. Rb7 Re2 34. f3 Rb2 35. a3 b4 36. axb4 a3 37. Ra7 Rxb4+ 38. Ke3 Rb3+ 39. Ke4 h6 40. g4 Rb4+ 41. Ke3 Rb3+ 42. Ke4 Ke8 43. Kf4 g5+ 44. hxg5 hxg5+ 45. Ke4 Rc3 46. Kf5 Rxf3+ 47. Kxg5 Rd3 48. Kf6 Rf3+ 49. Kg5 Rd3 50. Kf6 Rf3+ 51. Kg5 Kf8 52. Kh6 Rd3 53. Ra5 Ke7 54. Kg5 a2 55. Ra7+ Kf8 56. Rxa2 Rxd5+ 57. Kf4 Ke7 58. Ke4 Ke6 59. Ra8 Rd1 60. Re8+ Kf6 61. Kf4 Rf1+ 62. Kg3 d5 63. Kg2 Rc1 64. Rd8 Ke6 65. Kf2 Rc4 66. Rg8 Re4 67. Kf3 Ke5 68. Re8+ Kd4 69. Rd8 Re7 70. g5 Kc4 71. Rd6 d4 72. g6 fxg6 73. Rxg6 d3 74. Kf2 d2 75. Rc6+ Kd5 76. Rc8 Kd4 77. Rd8+ Kc3 78. Rc8+ Kd3 79. Rd8+ Kc2 80. Rc8+ Kd1 81. Rc6 Rf7+ 82. Kg2 Rf4 83. Rc8 Ke2 84. Re8+ Kd3 0-1

[Event "Montcalm op 1 2017-18"]
[Site "Quebec CAN"]
[Date "2017.09.07"]
[Round "1"]
[White "Genest, Dominic"]
[Black "Gaulin, Gaetan"]
[Result "1/2-1/2"]
[WhiteElo "1744"]
[BlackElo "1969"]
[WhiteFideId "-1"]
[WhiteFideId "-1"]
[PlyCount "77"]
[GameId "2160767908347004"]
[EventDate "2017.09.07"]
[EventType "swiss"]
[EventRounds "5"]
[EventCountry "CAN"]
[SourceTitle "EXT 2022"]
[Source "ChessBase"]
[SourceDate "2021.10.06"]
[SourceVersion "1"]
[SourceVersionDate "2021.10.06"]
[SourceQuality "1"]

1. c4 e5 2. g3 Nf6 3. Bg2 d5 4. cxd5 Nxd5 5. Nc3 Nb6 6. Nf3 Nc6 7. O-O Be7 8. a3 O-O 9. d3 Be6 10. b4 a6 11. Bb2 f5 12. Na4 Nxa4 13. Qxa4 Bf6 14. Rac1 Qd7 15. Rxc6 Qxc6 16. Qxc6 bxc6 17. Bxe5 Bd5 18. Bxf6 Rxf6 19. Rc1 a5 20. Nd4 axb4 21. axb4 Bxg2 22. Kxg2 Ra6 23. b5 cxb5 24. Nxb5 Rfc6 25. Rxc6 Rxc6 26. Na3 Kf7 27. Nc4 Ke6 28. Kf3 Ra6 29. h3 Ra2 30. g4 fxg4+ 31. hxg4 h6 32. Ne3 g6 33. Ng2 Kf6 34. Nf4 c6 35. e3 Rc2 36. d4 Rd2 37. Kg2 Kg5 38. Kf3 Kf6 39. Kg2 1/2-1/2

[Event "Montcalm op 1 2017-18"]
[Site "Quebec CAN"]
[Date "2017.09.07"]
[Round "1"]
[White "Pare, Marc"]
[Black "Cummins, Paul"]
[Result "0-1"]
[WhiteElo "2040"]
[BlackElo "1755"]
[WhiteFideId "-1"]
[WhiteFideId "-1"]
[PlyCount "52"]
[GameId "2160767908347005"]
[EventDate "2017.09.07"]
[EventType "swiss"]
[EventRounds "5"]
[EventCountry "CAN"]
[SourceTitle "EXT 2022"]
[Source "ChessBase"]
[SourceDate "2021.10.06"]
[SourceVersion "1"]
[SourceVersionDate "2021.10.06"]
[SourceQuality "1"]

1. e4 e6 2. Nf3 d5 3. Nc3 Nf6 4. e5 Nfd7 5. d4 c5 6. dxc5 Bxc5 7. Bd3 Nc6 8. Bf4 Qb6 9. O-O Qxb2 10. Nb5 O-O 11. Bxh7+ Kxh7 12. Ng5+ Kg6 13. Qd3+ f5 14. Nc7 Ndxe5 15. Qg3 Ng4 16. Rae1 e5 17. Bc1 Qb4 18. c3 Qa5 19. Nge6 Bxe6 20. Nxe6 Kf7 21. h3 Nf6 22. Nxf8 Rxf8 23. Rxe5 Nxe5 24. Qxe5 Re8 25. Qxf5 Qxc3 26. Bg5 Qe5 0-1

[Event "Montcalm op 1 2017-18"]
[Site "Quebec CAN"]
[Date "2017.09.07"]
[Round "1"]
[White "Sarra-Bournet, Marc"]
[Black "Lessard, Claude"]
[Result "0-1"]
[WhiteElo "1767"]
[BlackElo "2124"]
[WhiteFideId "-1"]
[WhiteFideId "-1"]
[PlyCount "90"]
[GameId "2160767908347006"]
[EventDate "2017.09.07"]
[EventType "swiss"]
[EventRounds "5"]
[EventCountry "CAN"]
[SourceTitle "EXT 2022"]
[Source "ChessBase"]
[SourceDate "2021.10.06"]
[SourceVersion "1"]
[SourceVersionDate "2021.10.06"]
[SourceQuality "1"]

1. e4 c6 2. d4 d5 3. Nc3 dxe4 4. Nxe4 Nf6 5. Nxf6+ exf6 6. Bc4 Qe7+ 7. Ne2 Qb4+ 8. Bd2 Qxc4 9. O-O Bd6 10. b3 Qd5 11. Re1 O-O 12. Nc3 Qf5 13. Ne4 Ba3 14. Rb1 a5 15. c3 Na6 16. b4 axb4 17. cxb4 Nc7 18. Nd6 Qd5 19. Bf4 Ne6 20. Nxc8 Rfxc8 21. Be3 Rd8 22. Qg4 f5 23. Qg3 f4 24. Bxf4 Nxf4 25. Qxf4 Re8 26. Qd2 c5 27. bxc5 Bxc5 28. Rxe8+ Rxe8 29. g3 g6 30. Rd1 Bf8 31. Qc2 h5 32. h4 Bg7 33. Qc5 Qxc5 34. dxc5 Bf8 35. Rd7 Bxc5 36. Rxb7 Re1+ 37. Kg2 Re2 38. Rb8+ Kg7 39. Ra8 Rxf2+ 40. Kh3 Rf3 41. a4 Bd6 42. Kg2 Rxg3+ 43. Kf2 Rg4 44. a5 Rxh4 45. a6 Ra4 0-1

[Event "Montcalm op 1 2017-18"]
[Site "Quebec CAN"]
[Date "2017.09.14"]
[Round "2"]
[White "Cournoyer, Dominic"]
[Black "Perreault, Jacquelin"]
[Result "0-1"]
[WhiteElo "1945"]
[BlackElo "1798"]
[WhiteFideId "-1"]
[WhiteFideId "-1"]
[PlyCount "110"]
[GameId "2160767908347007"]
[EventDate "2017.09.07"]
[EventType "swiss"]
[EventRounds "5"]
[EventCountry "CAN"]
[SourceTitle "EXT 2022"]
[Source "ChessBase"]
[SourceDate "2021.10.06"]
[SourceVersion "1"]
[SourceVersionDate "2021.10.06"]
[SourceQuality "1"]

1. c4 f5 2. Nc3 b6 3. Nf3 Nf6 4. g3 e6 5. Bg2 Bb7 6. O-O Bb4 7. Qb3 Bxc3 8. Qxc3 O-O 9. d3 d6 10. b4 Nbd7 11. Bb2 Qe7 12. a4 a5 13. b5 Nc5 14. Qc2 e5 15. d4 Be4 16. Qd1 exd4 17. Nxd4 Bxg2 18. Kxg2 Rae8 19. e3 Qe4+ 20. Qf3 Nd3 21. Rab1 Ng4 22. h3 Nge5 23. Qxe4 fxe4 24. Bc3 Nxc4 25. Nb3 Rf7 26. Nd2 Nxd2 27. Bxd2 Re5 28. f4 exf3+ 29. Rxf3 Rxf3 30. Kxf3 Rc5 31. Rb3 Ne5+ 32. Ke2 Rc4 33. Rc3 Kf7 34. Rxc4 Nxc4 35. Bc3 g6 36. e4 Ke7 37. Kd3 Ne5+ 38. Ke3 Nd7 39. Kf4 Nc5 40. Bd4 Nxa4 41. Kg5 Nc5 42. Kh6 Nxe4 43. g4 Kf7 44. Kxh7 Ng5+ 45. Kh8 Nxh3 46. g5 Nxg5 47. Bxb6 Ne6 48. Bxa5 g5 49. Kh7 Kf6 50. b6 cxb6 51. Bxb6 d5 52. Be3 d4 53. Bd2 Kf5 54. Kh6 g4 55. Be1 Kf4 0-1

[Event "Montcalm op 1 2017-18"]
[Site "Quebec CAN"]
[Date "2017.09.14"]
[Round "2"]
[White "Cummins, Paul"]
[Black "Dube, Dominic"]
[Result "1-0"]
[WhiteElo "1755"]
[BlackElo "1892"]
[WhiteFideId "-1"]
[WhiteFideId "-1"]
[PlyCount "105"]
[GameId "2160767908347008"]
[EventDate "2017.09.07"]
[EventType "swiss"]
[EventRounds "5"]
[EventCountry "CAN"]
[SourceTitle "EXT 2022"]
[Source "ChessBase"]
[SourceDate "2021.10.06"]
[SourceVersion "1"]
[SourceVersionDate "2021.10.06"]
[SourceQuality "1"]

1. e4 c5 2. Nf3 d6 3. d4 cxd4 4. Nxd4 Nf6 5. Nc3 g6 6. Be3 Bg7 7. f3 O-O 8. Qd2 a6 9. Bc4 Nbd7 10. O-O-O b5 11. Bb3 Bb7 12. g4 Ne5 13. h4 h5 14. gxh5 Nxh5 15. Bh6 Rc8 16. Bxg7 Kxg7 17. Rdg1 e6 18. Bxe6 Nxf3 19. Nxf3 fxe6 20. Ng5 Qe7 21. Rd1 Rcd8 22. Rhf1 Nf6 23. Qd4 e5 24. Qg1 b4 25. Nd5 Bxd5 26. exd5 Nxd5 27. Rxd5 Rxf1+ 28. Qxf1 Rf8 29. Qxa6 Rf6 30. Qe2 Rf4 31. Qh2 Kh6 32. Rd1 Qa7 33. Kb1 Qe3 34. Ne6 Rf6 35. Nc7 Qf3 36. Qd2+ Kh7 37. Nd5 Re6 38. Re1 e4 39. Nxb4 e3 40. Qe2 Qe4 41. Nd3 Qxh4 42. Qf3 Qe7 43. Rh1+ Kg7 44. Qh3 Kf6 45. Qh8+ Kf5 46. Rf1+ Ke4 47. Rf4+ Kd5 48. Qd4+ Kc6 49. Qa4+ Kc7 50. Rc4+ Kb8 51. Rb4+ Kc7 52. Qa7+ Kc6 53. Qa8+ 1-0

[Event "Montcalm op 1 2017-18"]
[Site "Quebec CAN"]
[Date "2017.09.14"]
[Round "2"]
[White "Gaulin, Gaetan"]
[Black "Leblanc-Legault, Mathieu"]
[Result "1/2-1/2"]
[WhiteElo "1969"]
[BlackElo "1726"]
[WhiteFideId "-1"]
[WhiteFideId "-1"]
[PlyCount "75"]
[GameId "2160767908347009"]
[EventDate "2017.09.07"]
[EventType "swiss"]
[EventRounds "5"]
[EventCountry "CAN"]
[SourceTitle "EXT 2022"]
[Source "ChessBase"]
[SourceDate "2021.10.06"]
[SourceVersion "1"]
[SourceVersionDate "2021.10.06"]
[SourceQuality "1"]

1. Nf3 d5 2. g3 Nf6 3. Bg2 e6 4. c4 c6 5. Qc2 Be7 6. O-O O-O 7. d4 b5 8. cxb5 cxb5 9. Nbd2 a5 10. Ne5 Bb7 11. Nb3 Nfd7 12. f4 Qb6 13. Be3 Rc8 14. Qd3 f6 15. Nxd7 Nxd7 16. Rfc1 Rc4 17. Nd2 Rxc1+ 18. Rxc1 f5 19. Nf3 Rc8 20. Rxc8+ Bxc8 21. Qc2 Bb7 22. Kf1 Qc6 23. Qxc6 Bxc6 24. Ne5 Nb8 25. Bd2 b4 26. Ke1 Ba4 27. b3 Bb5 28. e3 Kf8 29. Bf3 Bd6 30. Be2 Bxe2 31. Kxe2 Bxe5 32. fxe5 Nc6 33. Bc1 g5 34. h3 h5 35. h4 g4 36. Kd3 Kf7 37. Bd2 Kg6 38. Be1 1/2-1/2

[Event "Montcalm op 1 2017-18"]
[Site "Quebec CAN"]
[Date "2017.09.14"]
[Round "2"]
[White "Hebert, Marc"]
[Black "Auger, Bertrand"]
[Result "0-1"]
[WhiteElo "1474"]
[BlackElo "1946"]
[WhiteFideId "-1"]
[WhiteFideId "-1"]
[PlyCount "40"]
[GameId "2160767908347010"]
[EventDate "2017.09.07"]
[EventType "swiss"]
[EventRounds "5"]
[EventCountry "CAN"]
[SourceTitle "EXT 2022"]
[Source "ChessBase"]
[SourceDate "2021.10.06"]
[SourceVersion "1"]
[SourceVersionDate "2021.10.06"]
[SourceQuality "1"]

1. d4 Nf6 2. Nf3 b6 3. e3 Bb7 4. Bd3 e6 5. O-O Be7 6. Nbd2 O-O 7. c3 d6 8. Ng5 Nbd7 9. f4 h6 10. Nh3 e5 11. e4 Re8 12. Qc2 Bf8 13. fxe5 dxe5 14. d5 c6 15. c4 Rc8 16. Re1 cxd5 17. exd5 Bxd5 18. Qa4 Nc5 19. Qc2 Nxd3 20. Qxd3 Bc5+ 0-1

[Event "Montcalm op 1 2017-18"]
[Site "Quebec CAN"]
[Date "2017.09.14"]
[Round "2"]
[White "Lessard, Claude"]
[Black "Lapierre, Gaetan"]
[Result "1-0"]
[WhiteElo "2124"]
[BlackElo "1862"]
[WhiteFideId "-1"]
[WhiteFideId "-1"]
[PlyCount "47"]
[GameId "2160767908347011"]
[EventDate "2017.09.07"]
[EventType "swiss"]
[EventRounds "5"]
[EventCountry "CAN"]
[SourceTitle "EXT 2022"]
[Source "ChessBase"]
[SourceDate "2021.10.06"]
[SourceVersion "1"]
[SourceVersionDate "2021.10.06"]
[SourceQuality "1"]

1. Nf3 Nf6 2. c4 c6 3. d4 d5 4. Nc3 e6 5. e3 Be7 6. Bd3 O-O 7. O-O c5 8. cxd5 cxd4 9. Nxd4 Nxd5 10. Nxd5 exd5 11. Bd2 Nd7 12. Rc1 Nc5 13. Be2 Ne4 14. Be1 f5 15. f3 Nf6 16. Bd3 g6 17. Qb3 Qb6 18. Bb5 Bc5 19. Rxc5 Qxc5 20. Bb4 Qb6 21. Bxf8 Kxf8 22. Qb4+ Kf7 23. Qb3 a6 24. Be8+ 1-0

[Event "Montcalm op 1 2017-18"]
[Site "Quebec CAN"]
[Date "2017.09.14"]
[Round "2"]
[White "Levesque-Duchesne, Merlin"]
[Black "Genest, Dominic"]
[Result "1-0"]
[WhiteElo "1697"]
[BlackElo "1744"]
[WhiteFideId "-1"]
[WhiteFideId "-1"]
[PlyCount "49"]
[GameId "2160767908347012"]
[EventDate "2017.09.07"]
[EventType "swiss"]
[EventRounds "5"]
[EventCountry "CAN"]
[SourceTitle "EXT 2022"]
[Source "ChessBase"]
[SourceDate "2021.10.06"]
[SourceVersion "1"]
[SourceVersionDate "2021.10.06"]
[SourceQuality "1"]

1. d4 d5 2. Bf4 Nf6 3. e3 g6 4. Bd3 Bg7 5. h3 Nbd7 6. Nd2 b6 7. Ngf3 Bb7 8. O-O O-O 9. c3 Ne8 10. Ne5 f6 11. Nxg6 hxg6 12. Bxg6 f5 13. Qh5 Nef6 14. Qxf5 Bc8 15. Nf3 Nc5 16. Qg5 Ne6 17. Qh4 Nxf4 18. exf4 Qd6 19. Ne5 Bd7 20. g4 Be8 21. f5 Bxg6 22. fxg6 Rfe8 23. g5 Nd7 24. Qh7+ Kf8 25. f4 1-0

[Event "Montcalm op 1 2017-18"]
[Site "Quebec CAN"]
[Date "2017.09.21"]
[Round "3"]
[White "Auger, Bertrand"]
[Black "Fillion, Jean-Yves"]
[Result "1-0"]
[WhiteElo "1946"]
[BlackElo "1298"]
[WhiteFideId "-1"]
[WhiteFideId "-1"]
[PlyCount "51"]
[GameId "2160767908347013"]
[EventDate "2017.09.07"]
[EventType "swiss"]
[EventRounds "5"]
[EventCountry "CAN"]
[SourceTitle "EXT 2022"]
[Source "ChessBase"]
[SourceDate "2021.10.06"]
[SourceVersion "1"]
[SourceVersionDate "2021.10.06"]
[SourceQuality "1"]

1. Nf3 Nc6 2. d4 d5 3. g3 Nf6 4. Bg2 Bg4 5. Ne5 Bf5 6. O-O e6 7. c4 Be7 8. Nc3 O-O 9. Re1 h6 10. h3 Bb4 11. a3 Bxc3 12. bxc3 Na5 13. f3 c6 14. g4 Bh7 15. g5 Nd7 16. gxh6 g6 17. cxd5 cxd5 18. e4 Nxe5 19. dxe5 f6 20. exd5 Re8 21. f4 Rc8 22. dxe6 Kh8 23. Qd7 Re7 24. Qxd8+ Rxd8 25. exf6 Rc7 26. e7 1-0

[Event "Montcalm op 1 2017-18"]
[Site "Quebec CAN"]
[Date "2017.09.21"]
[Round "3"]
[White "Dube, Dominic"]
[Black "Gaulin, Gaetan"]
[Result "0-1"]
[WhiteElo "1892"]
[BlackElo "1969"]
[WhiteFideId "-1"]
[WhiteFideId "-1"]
[PlyCount "70"]
[GameId "2160767908347014"]
[EventDate "2017.09.07"]
[EventType "swiss"]
[EventRounds "5"]
[EventCountry "CAN"]
[SourceTitle "EXT 2022"]
[Source "ChessBase"]
[SourceDate "2021.10.06"]
[SourceVersion "1"]
[SourceVersionDate "2021.10.06"]
[SourceQuality "1"]

1. e4 c6 2. d4 d5 3. e5 Bf5 4. Nf3 e6 5. Be2 Ne7 6. c3 a5 7. Qb3 Qc7 8. a4 Ng6 9. h4 h5 10. Na3 Be7 11. Be3 Nd7 12. g3 f6 13. exf6 Nxf6 14. Ng5 Ng4 15. Bxg4 Bxg4 16. Kd2 Bxg5 17. Bxg5 O-O 18. Be3 Rf3 19. Nc2 Raf8 20. Rh2 e5 21. Ne1 R3f7 22. dxe5 Nxe5 23. Bc5 Re8 24. f4 Nc4+ 25. Kc2 b6 26. Bg1 Rfe7 27. Nd3 Bf5 28. Rd1 Re2+ 29. Kc1 Rxh2 30. Bxh2 Bxd3 31. Rxd3 Re2 32. Bg1 Rxb2 33. Qd1 Qf7 34. Qf1 Qe7 35. Bxb6 Qa3 0-1

[Event "Montcalm op 1 2017-18"]
[Site "Quebec CAN"]
[Date "2017.09.21"]
[Round "3"]
[White "Lapierre, Gaetan"]
[Black "Pare, Marc"]
[Result "0-1"]
[WhiteElo "1862"]
[BlackElo "2040"]
[WhiteFideId "-1"]
[WhiteFideId "-1"]
[PlyCount "62"]
[GameId "2160767908347015"]
[EventDate "2017.09.07"]
[EventType "swiss"]
[EventRounds "5"]
[EventCountry "CAN"]
[SourceTitle "EXT 2022"]
[Source "ChessBase"]
[SourceDate "2021.10.06"]
[SourceVersion "1"]
[SourceVersionDate "2021.10.06"]
[SourceQuality "1"]

1. e4 d5 2. exd5 Nf6 3. d4 Nxd5 4. c4 Nb6 5. Nc3 g6 6. Bf4 Bg7 7. Nf3 Bg4 8. Be5 f6 9. Bf4 Nc6 10. Be3 O-O 11. Be2 f5 12. Ng5 Bxe2 13. Nxe2 Qd7 14. d5 Nd8 15. Bd4 Bf6 16. h4 Nxc4 17. Nf4 e5 18. dxe6 Qxd4 19. Qxd4 Bxd4 20. e7 Re8 21. h5 Rxe7+ 22. Kf1 Nd2+ 23. Kg1 Ne4 24. Nf3 Bxf2+ 25. Kf1 Bb6 26. Rh3 g5 27. Nd5 Rd7 28. Nxb6 axb6 29. Ne5 Rd2 30. Rf3 Rxb2 31. Kg1 f4 0-1

[Event "Montcalm op 1 2017-18"]
[Site "Quebec CAN"]
[Date "2017.09.21"]
[Round "3"]
[White "Perreault, Jacquelin"]
[Black "Lessard, Claude"]
[Result "0-1"]
[WhiteElo "1798"]
[BlackElo "2124"]
[WhiteFideId "-1"]
[WhiteFideId "-1"]
[PlyCount "58"]
[GameId "2160767908347016"]
[EventDate "2017.09.07"]
[EventType "swiss"]
[EventRounds "5"]
[EventCountry "CAN"]
[SourceTitle "EXT 2022"]
[Source "ChessBase"]
[SourceDate "2021.10.06"]
[SourceVersion "1"]
[SourceVersionDate "2021.10.06"]
[SourceQuality "1"]

1. e4 c6 2. d4 d5 3. Nd2 dxe4 4. Nxe4 Nf6 5. Nxf6+ exf6 6. Nf3 Bd6 7. Bd3 O-O 8. O-O Bg4 9. Be3 Re8 10. h3 Bh5 11. Re1 Nd7 12. g4 Bg6 13. Nh4 Bxd3 14. Qxd3 g6 15. Ng2 b5 16. Bf4 Rxe1+ 17. Rxe1 Nb6 18. Qe4 Bxf4 19. Nxf4 Qd6 20. c3 a5 21. b3 Kg7 22. Kg2 Rc8 23. Nd3 Nd5 24. Rc1 b4 25. cxb4 axb4 26. Qe1 Rh8 27. f3 h5 28. Qg3 Ne3+ 29. Kh2 Qxd4 0-1

[Event "Montcalm op 1 2017-18"]
[Site "Quebec CAN"]
[Date "2017.09.21"]
[Round "3"]
[White "Sarra-Bournet, Marc"]
[Black "Cournoyer, Dominic"]
[Result "1-0"]
[WhiteElo "1767"]
[BlackElo "1945"]
[WhiteFideId "-1"]
[WhiteFideId "-1"]
[PlyCount "61"]
[GameId "2160767908347017"]
[EventDate "2017.09.07"]
[EventType "swiss"]
[EventRounds "5"]
[EventCountry "CAN"]
[SourceTitle "EXT 2022"]
[Source "ChessBase"]
[SourceDate "2021.10.06"]
[SourceVersion "1"]
[SourceVersionDate "2021.10.06"]
[SourceQuality "1"]

1. e4 d5 2. exd5 Nf6 3. d4 Nxd5 4. Nf3 g6 5. c4 Nf6 6. Be2 Bg7 7. O-O O-O 8. Nc3 Nbd7 9. h3 c5 10. d5 b6 11. Bf4 Bb7 12. Qc2 Re8 13. Nb5 Rf8 14. Rad1 a6 15. Nc3 Re8 16. Ng5 Qc8 17. Nce4 h6 18. Nxf6+ Nxf6 19. Ne6 fxe6 20. Qxg6 Rf8 21. Bxh6 Rf7 22. Bf3 exd5 23. cxd5 Qd7 24. Rfe1 Kf8 25. d6 exd6 26. Bxg7+ Rxg7 27. Qxf6+ Kg8 28. Bg4 Qa4 29. Rxd6 Re8 30. Rxe8+ Qxe8 31. Rd8 1-0

[Event "Montcalm op 1 2017-18"]
[Site "Quebec CAN"]
[Date "2017.09.28"]
[Round "4"]
[White "Beaudoin, Stephane"]
[Black "Genest, Dominic"]
[Result "1-0"]
[WhiteElo "2056"]
[BlackElo "1744"]
[WhiteFideId "-1"]
[WhiteFideId "-1"]
[PlyCount "83"]
[GameId "2160767908347018"]
[EventDate "2017.09.07"]
[EventType "swiss"]
[EventRounds "5"]
[EventCountry "CAN"]
[SourceTitle "EXT 2022"]
[Source "ChessBase"]
[SourceDate "2021.10.06"]
[SourceVersion "1"]
[SourceVersionDate "2021.10.06"]
[SourceQuality "1"]

1. e4 c5 2. Nf3 d6 3. d4 cxd4 4. Nxd4 Nf6 5. Nc3 g6 6. g3 Nc6 7. Bg2 Bd7 8. O-O Bg7 9. Nxc6 Bxc6 10. Be3 O-O 11. Qe2 Qa5 12. Rfd1 Rfd8 13. Nd5 Rd7 14. Bd4 Bxd5 15. exd5 Rc7 16. c4 Re8 17. b3 e6 18. Qb2 Nh5 19. dxe6 Rxe6 20. Bd5 Bxd4 21. Qxd4 Re5 22. Bf3 Rd7 23. Bxh5 Rxh5 24. Re1 Re5 25. b4 Qa4 26. Rxe5 dxe5 27. Qxe5 Rd8 28. Qc7 Rd7 29. Qc5 b6 30. Qe5 Rd2 31. a3 Qc2 32. Qf4 Re2 33. Rc1 Qb2 34. c5 Qxa3 35. c6 Re8 36. c7 Qa6 37. Rd1 Qc8 38. Qd6 Kg7 39. Qd4+ Kg8 40. Qc3 Qa8 41. Qf6 Qc8 42. Rd8 1-0

[Event "Montcalm op 1 2017-18"]
[Site "Quebec CAN"]
[Date "2017.09.28"]
[Round "4"]
[White "Gaulin, Gaetan"]
[Black "Perreault, Jacquelin"]
[Result "0-1"]
[WhiteElo "1969"]
[BlackElo "1798"]
[WhiteFideId "-1"]
[WhiteFideId "-1"]
[PlyCount "136"]
[GameId "2160767908347019"]
[EventDate "2017.09.07"]
[EventType "swiss"]
[EventRounds "5"]
[EventCountry "CAN"]
[SourceTitle "EXT 2022"]
[Source "ChessBase"]
[SourceDate "2021.10.06"]
[SourceVersion "1"]
[SourceVersionDate "2021.10.06"]
[SourceQuality "1"]

1. c4 f5 2. d4 Nf6 3. g3 e6 4. Bg2 Bb4+ 5. Bd2 Bxd2+ 6. Nxd2 O-O 7. Ngf3 b6 8. Ne5 c6 9. O-O Bb7 10. Rc1 d6 11. Nd3 Qe7 12. Qb3 Na6 13. Rfe1 c5 14. e3 Bxg2 15. Kxg2 Rae8 16. f3 e5 17. d5 e4 18. Nf4 Nc7 19. fxe4 Nxe4 20. Nxe4 Qxe4+ 21. Kg1 g5 22. Ng2 Re7 23. Qd1 Ne8 24. Qh5 Rg7 25. Rf1 Nf6 26. Qf3 Ng4 27. Qxe4 fxe4 28. Rxf8+ Kxf8 29. Rf1+ Rf7 30. h3 Ne5 31. Rxf7+ Kxf7 32. b3 Nd3 33. Kf1 Nc1 34. Ne1 Nxa2 35. Nc2 Nc1 36. b4 a6 37. bxc5 bxc5 38. Na3 Ke7 39. Nb1 Nd3 40. Nc3 Nb2 41. Nxe4 Nxc4 42. Ke2 h6 43. Nc3 Nb6 44. Kd3 Kf6 45. Ke4 a5 46. Nb5 Ke7 47. Na3 a4 48. Nb5 Nc4 49. Kd3 a3 50. Nc3 Nb6 51. Ke4 Kf6 52. Na2 Na4 53. g4 c4 54. Kd4 c3 55. Nb4 c2 56. Nxc2 a2 57. Na1 Nb2 58. Nc2 Nd1 59. e4 Nf2 60. Ke3 Nxh3 61. Kf3 Ke5 62. Ke3 Nf4 63. Na1 h5 64. gxh5 Nxh5 65. Nb3 g4 66. Na1 Nf4 67. Nc2 g3 68. Kf3 g2 0-1

[Event "Montcalm op 1 2017-18"]
[Site "Quebec CAN"]
[Date "2017.09.28"]
[Round "4"]
[White "Lessard, Claude"]
[Black "Cummins, Paul"]
[Result "1-0"]
[WhiteElo "2124"]
[BlackElo "1755"]
[WhiteFideId "-1"]
[WhiteFideId "-1"]
[PlyCount "57"]
[GameId "2160767908347020"]
[EventDate "2017.09.07"]
[EventType "swiss"]
[EventRounds "5"]
[EventCountry "CAN"]
[SourceTitle "EXT 2022"]
[Source "ChessBase"]
[SourceDate "2021.10.06"]
[SourceVersion "1"]
[SourceVersionDate "2021.10.06"]
[SourceQuality "1"]

1. e4 e6 2. d4 d5 3. Be3 dxe4 4. Nd2 Nf6 5. Ne2 Nbd7 6. Ng3 Be7 7. Ndxe4 Nxe4 8. Nxe4 Nf6 9. Bd3 Nd5 10. Bd2 Bd7 11. O-O O-O 12. Qh5 g6 13. Qh6 f5 14. Ng5 Bxg5 15. Bxg5 Qe8 16. Bd2 Qf7 17. Rfe1 Qf6 18. c4 Nb6 19. Bf4 Rac8 20. b3 Bc6 21. Rad1 Rfe8 22. Be5 Qf7 23. Qf4 Red8 24. h4 Be8 25. h5 c5 26. hxg6 hxg6 27. dxc5 Rxc5 28. Qh4 Rxe5 29. Qxd8 1-0

[Event "Montcalm op 1 2017-18"]
[Site "Quebec CAN"]
[Date "2017.09.28"]
[Round "4"]
[White "Pare, Marc"]
[Black "Levesque-Duchesne, Merlin"]
[Result "0-1"]
[WhiteElo "2040"]
[BlackElo "1697"]
[WhiteFideId "-1"]
[WhiteFideId "-1"]
[PlyCount "82"]
[GameId "2160767908347021"]
[EventDate "2017.09.07"]
[EventType "swiss"]
[EventRounds "5"]
[EventCountry "CAN"]
[SourceTitle "EXT 2022"]
[Source "ChessBase"]
[SourceDate "2021.10.06"]
[SourceVersion "1"]
[SourceVersionDate "2021.10.06"]
[SourceQuality "1"]

1. e4 c5 2. c3 e6 3. d4 d5 4. e5 a6 5. Bd3 Nd7 6. Ne2 Ne7 7. O-O Nc6 8. Nd2 Qb6 9. Nf3 Be7 10. b3 cxd4 11. cxd4 O-O 12. Bb1 f6 13. Qd3 g6 14. Bh6 Re8 15. exf6 Bxf6 16. Be3 Qb5 17. Qd2 Qb4 18. Nc3 b6 19. Bc2 Bb7 20. a3 Qe7 21. b4 b5 22. Rfe1 Nb6 23. Bb3 Nc4 24. Bxc4 dxc4 25. Rad1 Rad8 26. Ne4 Rd5 27. Nxf6+ Qxf6 28. Ng5 Qf5 29. f3 e5 30. g4 Qc8 31. Ne4 Rf8 32. Qf2 Nxd4 33. Bxd4 exd4 34. Rxd4 Rd7 35. g5 Bxe4 36. Rdxe4 Rdf7 37. R1e3 c3 38. Qc2 Rxf3 39. Re1 Qf5 40. Qb3+ Kh8 41. Kg2 Rf1 0-1